Segunda memoria que contiene los trabajos hechos acerca del aprovechamiento de las aguas que discurren por las alcantarillas de Madrid / por Luís Justo y Villanueva
Descripción Física:
43 p. ; 25 cm
Materias:
Aigües residuals
MARC
| LEADER | 00000nam a2200000Ia 4500 | ||
|---|---|---|---|
| 001 | 18699 | ||
| 008 | 160829s1876 xx 000 0 cat d | ||
| 080 | |a RF-3-51 | ||
| 100 | |a Justo y Villanueva, Luís |9 38392 | ||
| 245 | |a Segunda memoria que contiene los trabajos hechos acerca del aprovechamiento de las aguas que discurren por las alcantarillas de Madrid / por Luís Justo y Villanueva | ||
| 260 | |a Madrid : |b Establecimiento Tipográfico de Eduardo Cuesta, |c 1876 | ||
| 300 | |a 43 p. ; |c 25 cm | ||
| 590 | |a Prové de 1391, exp. 209 | ||
| 650 | 0 | |a Aigües residuals |9 54389 | |
| 856 | 4 | |u https://media.diba.cat/diba/fitxers/arxiu/fulletons/bib_18699_1876_baixa.pdf |y Accés lliure | |
| 856 | 4 | |u https://media.diba.cat/diba/fitxers/arxiu/fulletons/bib_18699_1876_baixa.pdf |y Accés lliure | |
| 901 | |a Arxiu | ||
| 942 | |n 1 |2 udc | ||
| 952 | |0 0 |1 0 |4 0 |6 RF351 |7 1 |9 48400 |a Arxiu |b Arxiu |d 2016-12-01 |l 0 |o RF-3-51 |p 18699 |r 2016-12-01 00:00:00 |w 2016-12-01 |y ARXIU | ||
| 999 | |c 52228 |d 52228 | ||
| 900 | |a bib_18699_1876_baixa.pdf | ||